000 01372cam a22003254a 4500
001 14617329
003 OSt
005 20151106112518.0
008 061031s2007 njua b 001 0 eng
010 _a 2006036368
020 _a0132320304 (pbk. : alk. paper)
040 _aDLC
_cDLC
_dDLC
050 0 0 _aPE1408
_b.R426 2007c
082 0 0 _a808/.0427
_222
100 1 _aReinking, James A.
245 1 0 _aStrategies for successful writing :
_ba rhetoric, research guide, and reader : brief edition /
_cby James A. Reinking and Robert Von der Osten.
250 _a8th ed., brief ed.
260 _aUpper Saddle River, NJ :
_bPrentice Hall,
_c2007.
300 _axix, 667 p. :
_bcol. ill. ;
_c24 cm.
504 _aIncludes bibliographical references (p. 658-661) and index.
650 0 _aEnglish language
_xRhetoric
_vHandbooks, manuals, etc.
650 0 _aEnglish language
_xGrammar
_vHandbooks, manuals, etc.
650 0 _aReport writing
_vHandbooks, manuals, etc.
650 0 _aCollege readers.
700 1 _aVon der Osten, Robert.
856 4 1 _3Table of contents only
_uhttp://www.loc.gov/catdir/toc/ecip074/2006036368.html
906 _a7
_bcbc
_corignew
_d1
_eecip
_f20
_gy-gencatlg
942 _2lcc
_cBK
999 _c251068
_d251068